000
00312nam a2200109Ia 4500
008
200302s9999 xx 000 0 und d
100
_a
Peter Murray & Other
245
_a
New Urban Environments British Architecture & its European Context
260
_b
Prestel Books Pvt. Ltd.
260
_c
1998
300
_a
189 P.,
999
_c
5579
_d
5579